Gaming Quiz

Random Gaming or Console Quiz

Click the Cuphead Bosses Quiz Stats

 Plays Quiz Updated Jan 29, 2018

Challenge
Share
Tweet
Score 0/24 Timer 05:00
10 Plays Today
% Correct
King Dice
89.1%
The Devil
89%
Beppi the Clown
87.9%
Dr. Kahl's Robot
87.7%
Captain Brineybeard
87.3%
Ribby and Croaks
86.7%
Psycarrot
86.5%
Head of the Train
86.1%
Djimmi the Great
84.4%
Cala Maria
83.8%
Weepy
82.4%
Blaze Brothers
81.7%
% Correct
Rumor Honeybottoms
81.2%
T-Bone
80.8%
Blind Specter
79.6%
Cagney Carnation
79.4%
Hilda Berg
77.8%
Baroness von Bon Bon
77.6%
Moe Tato
76.3%
Goopy Le Grande
76.3%
Sally Stageplay
75%
Werner Werman
73.1%
Wally Warbles
67.9%
Grim Matchstick
66.3%

You're not logged in!

Compare scores with friends on all Sporcle quizzes.
Join for Free
OR
Log In

You Might Also Like...

Show Comments

Extras

Top Quizzes Today


Score Distribution

Your Account Isn't Verified!

In order to create a playlist on Sporcle, you need to verify the email address you used during registration. Go to your Sporcle Settings to finish the process.

Report this User

Report this user for behavior that violates our Community Guidelines.

Details: